Projektowanie i wdrażanie strategii rozwoju w publicznych szkołach wyższych w Polsce aspekty teoretyczne i praktyczne

Gespeichert in:
Bibliographische Detailangaben
Weitere Verfasser: Cyfert, Szymon, Kochalski, Cezary
Format: Buch
Sprache:Polnisch
Englisch
Veröffentlicht: Poznań Wydawnictwo Uniwersytetu Ekonomicznego w Poznaniu 2011
Schriftenreihe:Zeszyty naukowe 167
Schlagworte:
Tags: Tag hinzufügen
Keine Tags, Fügen Sie das erste Tag hinzu!

MARC

LEADER 00000nam a2200000 4500
001 0132590
005 20240109073611.3
020 |a 978-83-7417-564-7 
022 |a 1689-7374 
041 0 |a pol 
041 0 |a eng 
044 |a PL 
245 1 0 |a Projektowanie i wdrażanie strategii rozwoju w publicznych szkołach wyższych w Polsce  |b aspekty teoretyczne i praktyczne  |c redakcja naukowa Szymon Cyfert, Cezary Kochalski 
264 1 |a Poznań  |b Wydawnictwo Uniwersytetu Ekonomicznego w Poznaniu  |c 2011 
300 |a 153 s. 
490 1 |a Zeszyty naukowe  |v 167 
830 0 |a Zeszyty naukowe  |v 167 
610 2 0 |a vzdelávanie 
610 2 0 |a vzdelávanie vysokoškolské 
610 2 0 |a školstvo 
610 2 0 |a školy vysoké odborné 
610 2 0 |a politika školská 
700 1 |a Cyfert, Szymon 
700 1 |a Kochalski, Cezary